| 000 | 00362pab a2200133 454500 | ||
|---|---|---|---|
| 008 | 180718b1996 xxu||||| |||| 00| 0 eng d | ||
| 245 | _aSPECIAL issue on reproductive health: a symposium on changing approaches to population planning | ||
| 260 | _c1996 | ||
| 300 | _ap.12-74 | ||
| 362 | _aNov | ||
| 650 | _aFamily planning | ||
| 773 | _aSeminar | ||
| 909 | _a33754 | ||
| 999 |
_c33754 _d33754 |
||